[Event "ESP-chT Gp1"]
[Site "Burguillos"]
[Date "2008.08.16"]
[Round "5"]
[White "Cuesta Bustos, Sergio"]
[Black "Fernandez Garcia, Jose Miguel"]
[Result "0-1"]
[WhiteElo "2130"]
[BlackElo "2135"]
[PlyCount "86"]
[EventDate "2008.08.13"]
[EventType "team"]
[EventRounds "6"]
[EventCountry "ESP"]
[SourceTitle "CBM 126 Extra"]
[Source "ChessBase"]
[SourceDate "2008.11.05"]
[SourceVersion "1"]
[SourceVersionDate "2008.11.05"]
[SourceQuality "1"]

1. d4 Nf6 2. Nf3 b6 3. e3 Bb7 4. Bd3 e6 5. Nbd2 Be7 6. 0-0 0-0 7. b3 d6 8. Bb2 Nbd7 9. c4 c5 10. Rc1 Rc8 11. Qe2 Re8 12. e4 cxd4 13. Nxd4 Bf8 14. Bb1 a6 15. Rc3 g6 16. Rh3 Bg7 17. Re1 Qc7 18. Nf1 Nc5 19. Re3 e5 20. Nf3 Bh6 21. Ng3 Bxe3 22. Qxe3 Qe7 23. Qh6 Qf8 24. Qh4 Qg7 25. Bc1 h5 26. Qg5 b5 27. Qd2 bxc4 28. bxc4 Rc6 29. Qb4 Bc8 30. Bg5 Bg4 31. Nh4 Nh7 32. Be3 Qf6 33. Nf3 h4 34. Nf1 Bxf3 35. gxf3 Qxf3 36. Nd2 Qf6 37. Kf1 Ng5 38. Ke2 Nce6 39. Qb7 Rec8 40. Rg1 Nh3 41. Rg4 Nhf4+ 42. Kd1 Nc5 43. Qa7 Qd8 0-1

[Event "Andorra op 20th"]
[Site "Andorra"]
[Date "2002.??.??"]
[Round "5"]
[White "Cuesta Bustos, Sergio"]
[Black "Colovic, Aleksandar"]
[Result "0-1"]
[WhiteElo "2224"]
[BlackElo "2364"]
[PlyCount "64"]
[EventDate "2002.07.06"]
[EventType "swiss"]
[EventRounds "9"]
[EventCountry "AND"]
[SourceTitle "CBM 089 Extra"]
[Source "ChessBase"]
[SourceDate "2002.09.10"]
[SourceVersion "2"]
[SourceVersionDate "2002.09.10"]
[SourceQuality "1"]

1. d4 Nf6 2. Nf3 g6 3. c4 Bg7 4. Nc3 d5 5. cxd5 Nxd5 6. e4 Nxc3 7. bxc3 c5 8. Be3 Qa5 9. Qd2 0-0 10. Rc1 Bg4 11. d5 Bxf3 12. gxf3 c4 13. Bh6 b5 14. h4 Qb6 15. h5 Qf6 16. hxg6 hxg6 17. Bxg7 Qxg7 18. Qg5 Nd7 19. Qxe7 Ne5 20. Be2 Rfe8 21. Qh4 Nd7 22. Kd2 Nc5 23. Qh6 Rad8 24. Qf4 f5 25. Rcg1 fxe4 26. Rh6 Rxd5+ 27. Kc2 g5 28. Rh5 Ne6 29. Qg4 b4 30. f4 Qxc3+ 31. Kb1 b3 32. axb3 Qxb3+ 0-1

[Event "Malaga op 4th"]
[Site "Malaga"]
[Date "2001.03.03"]
[Round "9"]
[White "Cuesta Bustos, Sergio"]
[Black "Peralta, Fernando"]
[Result "0-1"]
[WhiteElo "2193"]
[BlackElo "2408"]
[PlyCount "44"]
[EventDate "2001.02.23"]
[EventType "swiss"]
[EventRounds "9"]
[EventCountry "ESP"]
[SourceTitle "EXT 2002"]
[Source "ChessBase"]
[SourceDate "2001.11.25"]
[SourceVersion "1"]
[SourceVersionDate "2001.11.25"]
[SourceQuality "1"]

1. d4 f5 2. Nc3 d5 3. Bg5 c6 4. e3 g6 5. h4 Bg7 6. h5 h6 7. hxg6 hxg5 8. Rxh8 Bxh8 9. Qh5 Bg7 10. Nf3 g4 11. Ne5 Nf6 12. Qh2 Be6 13. Bd3 Nbd7 14. Ne2 Qc7 15. Qf4 Ne4 16. f3 gxf3 17. gxf3 Nxe5 18. fxe4 dxe4 19. Bxe4 fxe4 20. dxe5 Qxe5 21. Qxe5 Bxe5 22. 0-0-0 Bg4 0-1

[Event "Malaga op 4th"]
[Site "Malaga"]
[Date "2001.02.24"]
[Round "2"]
[White "Vera Gonzalez Quevedo, Reynaldo"]
[Black "Cuesta Bustos, Sergio"]
[Result "1-0"]
[WhiteElo "2562"]
[BlackElo "2193"]
[PlyCount "55"]
[EventDate "2001.02.23"]
[EventType "swiss"]
[EventRounds "9"]
[EventCountry "ESP"]
[SourceTitle "EXT 2002"]
[Source "ChessBase"]
[SourceDate "2001.11.25"]
[SourceVersion "1"]
[SourceVersionDate "2001.11.25"]
[SourceQuality "1"]

1. d4 Nf6 2. c4 g6 3. Nc3 d5 4. cxd5 Nxd5 5. e4 Nxc3 6. bxc3 Bg7 7. Nf3 c5 8. Rb1 0-0 9. Be2 cxd4 10. cxd4 Qa5+ 11. Bd2 Qxa2 12. 0-0 Bd7 13. Ra1 Qb2 14. Rb1 Qa2 15. Ra1 Qb2 16. Bg5 Bb5 17. Re1 Nc6 18. Bxb5 Qxb5 19. Rb1 Qc4 20. d5 Na5 21. Bxe7 Rfe8 22. Bb4 Bc3 23. Bxc3 Qxc3 24. e5 Rad8 25. d6 Rd7 26. Qd5 Re6 27. Rec1 Qa3 28. Ra1 1-0

[Event "Mancha Real op 3rd"]
[Site "Mancha Real"]
[Date "2000.07.27"]
[Round "9"]
[White "Cuesta Bustos, Sergio"]
[Black "Martos Exposito, Manuel"]
[Result "1-0"]
[WhiteElo "2171"]
[BlackElo "2016"]
[PlyCount "47"]
[EventDate "2000.07.17"]
[EventType "swiss"]
[EventRounds "9"]
[EventCountry "ESP"]
[SourceTitle "EXT 2001"]
[Source "ChessBase"]
[SourceDate "2000.11.22"]
[SourceVersion "1"]
[SourceVersionDate "2000.11.22"]
[SourceQuality "1"]

1. d4 b6 2. Nf3 Bb7 3. e3 e6 4. Bd3 f5 5. 0-0 Nf6 6. b3 Be7 7. Bb2 0-0 8. Nbd2 Qe8 9. c4 Ne4 10. Qc2 Qg6 11. Ne5 Qg5 12. Nxe4 fxe4 13. Bxe4 Bxe4 14. Qxe4 c6 15. f4 Qh5 16. Nxd7 Nxd7 17. Qxe6+ Rf7 18. Qxd7 Qe2 19. Qxc6 Qxe3+ 20. Kh1 Raf8 21. Qf3 Qe6 22. Rae1 Qh6 23. g3 Bf6 24. Re4 1-0

[Event "Mancha Real op 3rd"]
[Site "Mancha Real"]
[Date "2000.07.25"]
[Round "7"]
[White "Jario Garcia, Ricardo Javier"]
[Black "Cuesta Bustos, Sergio"]
[Result "1/2-1/2"]
[WhiteElo "2215"]
[BlackElo "2171"]
[PlyCount "64"]
[EventDate "2000.07.17"]
[EventType "swiss"]
[EventRounds "9"]
[EventCountry "ESP"]
[SourceTitle "EXT 2001"]
[Source "ChessBase"]
[SourceDate "2000.11.22"]
[SourceVersion "1"]
[SourceVersionDate "2000.11.22"]
[SourceQuality "1"]

1. e4 c5 2. c3 d5 3. exd5 Qxd5 4. d4 Nf6 5. Nf3 Bg4 6. Nbd2 e6 7. Qa4+ Nbd7 8. Bc4 Qd6 9. dxc5 Qxc5 10. h3 Bh5 11. Nb3 Qc6 12. Qxc6 bxc6 13. Nfd4 Rc8 14. Na5 Bc5 15. b4 Bb6 16. Nab3 Ne4 17. Bd2 e5 18. Nf5 Bxf2+ 19. Kf1 Kf8 20. Bd3 Ndf6 21. g4 Bg6 22. Kg2 Bxf5 23. gxf5 Rd8 24. Bxe4 Nxe4 25. Be1 Bb6 26. c4 Bd4 27. Rd1 Ke7 28. Bh4+ Nf6 29. Nxd4 Rxd4 30. Rxd4 exd4 31. Re1+ Kd6 32. Bg3+ Kd7 1/2-1/2

[Event "Benasque op 17th"]
[Site "Benasque"]
[Date "1997.??.??"]
[Round "7"]
[White "Cuesta Bustos, Sergio"]
[Black "Bojkovic, Natasa"]
[Result "0-1"]
[WhiteElo "2100"]
[BlackElo "2405"]
[PlyCount "142"]
[EventDate "1997.07.??"]
[EventType "swiss"]
[EventRounds "9"]
[EventCountry "ESP"]
[SourceTitle "EXT 1998"]
[Source "ChessBase"]
[SourceDate "1997.11.17"]
[SourceVersion "1"]
[SourceVersionDate "1997.11.17"]
[SourceQuality "1"]

1. e4 c5 2. Nf3 e6 3. d4 cxd4 4. Nxd4 a6 5. Nc3 Qc7 6. Be2 b5 7. 0-0 Bb7 8. a3 Nf6 9. Bd3 Be7 10. Be3 d6 11. Kh1 Nbd7 12. Nb3 Ne5 13. f3 0-0 14. Qe2 Rac8 15. Qf2 d5 16. Bb6 Qb8 17. Nc5 dxe4 18. Bxe4 Nxe4 19. N3xe4 Bxe4 20. Nxe4 f5 21. Ng3 Bh4 22. Ba7 Qc7 23. Bd4 Nc6 24. Bb6 Qb8 25. Qe3 Kh8 26. Ne2 f4 27. Qg1 Ne7 28. Bc5 Qe5 29. Bxe7 Bxe7 30. Nc3 Bc5 31. Rfe1 Qf5 32. Qf1 Qxc2 33. Qe2 Qxe2 34. Rxe2 Rc6 35. Rae1 Re8 36. Nd5 Bd6 37. h4 Kg8 38. Rxe6 Rxe6 39. Rxe6 Kf7 40. Re2 Rc5 41. Nc3 Rh5 42. Ne4 Rxh4+ 43. Kg1 Bc7 44. Ng5+ Kf6 45. Nh3 Rh5 46. Rc2 Bb6+ 47. Kf1 Rc5 48. Rxc5 Bxc5 49. Nxf4 Kf5 50. Nd3 Bd6 51. Ne1 h5 52. Ke2 Kf4 53. Nd3+ Kf5 54. Nf2 Ke5 55. Ne4 Be7 56. Kd3 Kd5 57. Nc3+ Ke5 58. Ne4 g6 59. Ke3 g5 60. Ng3 h4 61. Ne4 Bd8 62. b3 Be7 63. b4 Bd8 64. Kd3 Kd5 65. Nc5 a5 66. Nb3 axb4 67. axb4 Bf6 68. Nd2 Be7 69. Ne4 Ke5 70. Nc5 Bxc5 71. bxc5 Kd5 0-1

[Event "ESP-chT"]
[Site "Cordoba"]
[Date "1995.??.??"]
[Round "9"]
[White "Ruiz, Jose Hervas"]
[Black "Cuesta Bustos, Sergio"]
[Result "1-0"]
[WhiteElo "2170"]
[BlackElo "2055"]
[PlyCount "43"]
[EventDate "1995.??.??"]
[EventType "team"]
[EventRounds "9"]
[EventCountry "ESP"]
[SourceTitle "EXT 2000"]
[Source "ChessBase"]
[SourceDate "1999.11.16"]
[SourceVersion "1"]
[SourceVersionDate "1999.11.16"]
[SourceQuality "1"]

1. e4 c5 2. Nf3 e6 3. d4 cxd4 4. Nxd4 Nf6 5. Nc3 Nc6 6. Ndb5 Bb4 7. Nd6+ Ke7 8. Nxc8+ Rxc8 9. Bd3 d5 10. exd5 Nxd5 11. 0-0 Ne5 12. Ne4 Nxd3 13. Qxd3 Nf6 14. Qb3 Nxe4 15. Qxb4+ Nc5 16. Be3 b6 17. Rad1 Qc7 18. Bf4 Qc6 19. Bd6+ Ke8 20. Qg4 g6 21. Qd4 Rg8 22. Qh4 1-0